Ο τρομάρας
Αποθηκεύτηκε σε:
| Κύριος συγγραφέας: | |
|---|---|
| Άλλοι συγγραφείς: | , |
| Μορφή: | Βιβλίο |
| Γλώσσα: | Greek |
| Δημοσίευση: |
Αθήνα :
Πηγή,
1948
|
| Θέματα: | |
| Ετικέτες: |
Προσθήκη ετικέτας
Δεν υπάρχουν, Καταχωρήστε ετικέτα πρώτοι!
|
MARC
| LEADER | 00000cam a2200000 i 4500 | ||
|---|---|---|---|
| 001 | 1/92928 | ||
| 008 | 080901s1948 gr | ||| |||| ||gre|| | ||
| 035 | |l 10099807 | ||
| 040 | |a GR-MY-UA |b gre |e aacr | ||
| 041 | 0 | |a gre | |
| 082 | 0 | |a 889.334 |2 (22) | |
| 100 | 1 | |a Βιζυηνός, Γεώργιος Μ., |d 1849-1896. | |
| 245 | 1 | 2 | |a Ο τρομάρας / |c Γεώργιος Βιζυηνός ; Γ. Βαλέτας ; Κ. Καριωτάκης |
| 260 | |a Αθήνα : |b Πηγή, |c 1948 | ||
| 300 | |a 63 σ.; |c 18 εκ. | ||
| 500 | |a "Άγνωστο παιδικό διήγημα του Γεωργίου Βιζυηνού μαζί με άλλα δύο παιδικά σκηνογραφήματα του ιδίου, φανερωμένα και φροντισμένα από το Γ. Βαλέτα, εικονογραφημένα απο τον Κ. Καρυωτάκη" | ||
| 600 | 1 | 0 | |a Βιζυηνός, Γεώργιος Μ., |d 1849-1896. |
| 650 | 0 | 0 | |a Greek fiction, Modern. |
| 700 | 1 | |a Βαλέτας, Γιώργος Μ., |d 1907-1989. |4 edt | |
| 700 | 1 | |4 ill |a Καρυωτάκης, Κώστας Γ., |d 1896-1928. | |
| 852 | |a INST |b RHODES |c AKA |e 20080901 |h 889.334 ΒΙΖ |p 005400028719 |q 005400028719 |t BK |y 0 | ||
| 901 | |a BIBL4-2008-3 | ||
| 909 | |a Ρ |b 152863 | ||
| 970 | |a ΚΟΖΑ |b ΜΑΡΙΑ |z 2008/09/01 | ||